Problemas generales de aplicacin̤ de los delitos societarios

Bibliographic Details
Main Author: Da̕z-Maroto y Villarejo, Julio
Other Authors: Polo Vereda, Javier (coaut.)
Format: Unknown
Language:Spanish
Published: Madrid : Centro de Estudios Ramn̤ Areces, 2004
Subjects:
Online Access:Acceso restringido

MARC

LEADER 00000ny a22000003n 4500
005 20110610140932.0
008 030221s2004 sp 001 0 spa c
020 |a 9788480045285 
035 |a 416 
040 |a SpMaUCDE  |d vlex 
080 |a 343.5(460):347.72 
090 |c 635  |d 635 
100 1 |a Da̕z-Maroto y Villarejo, Julio 
245 1 0 |a Problemas generales de aplicacin̤ de los delitos societarios  |h [Recurso electrn̤ico]  |c Julio Da̕z-Maroto y Villarejo, Javier Polo Vereda 
256 |a Servicio en ln̕ea 
260 |a Madrid :  |b Centro de Estudios Ramn̤ Areces,  |c 2004 
300 |a p. ;  |c cm. 
506 1 |a Contenido solo disponible en los productos indicados  |d vLex Global  |d vLex Global (Academic Edition, excluding Law Schools)  |d vLex Global (U.S. Academic Edition, Law Schools)  |d vLex Global (U.S. Academic Edition, excluding Law Schools)  |d vLex Global (Academic Edition, Law Schools) 
650 0 7 |a Delitos societarios  |2 Tesauro vLex 
650 0 7 |a Penal  |2 Tesauro vLex 
650 0 7 |a Delitos contra el orden socioeconm̤ico  |2 Tesauro vLex 
700 1 |a Polo Vereda, Javier,  |e coaut. 
740 0 |a vLex Libros (Servicios en ln̕ea) 
856 4 0 |u http://vlex.com/source/416  |z Acceso restringido 
942 |c BOOK 
999 0 |a Criminal Law   |b Madrid